| 000 | 00767nam a2200229 a 4500 | ||
|---|---|---|---|
| 001 | 54647 | ||
| 003 | BD-RjUL | ||
| 005 | 20211209080141.0 | ||
| 008 | 161108s1963 bg ||||| |||| 00| p ben d | ||
| 020 | _c: Tk. 3.00 | ||
| 035 | _a(BD-RjUL)54769 | ||
| 040 |
_aBD-RjUL _bben _cBD-RjUL |
||
| 041 | _aben | ||
| 082 |
_223 _a891.441 _bAHM 1963 |
||
| 100 |
_aআহমদ, ফররুখ _9127321 |
||
| 245 | 1 | 0 |
_aমুহূর্তের কবিতা / _cফররুখ আহমদ |
| 260 |
_aঢাকা : _bবার্ডস এ্যাণ্ড বুকস, _c১৯৬৩ |
||
| 300 |
_a[১০], ১০০ পৃ. ; _c২৩ সেমি. |
||
| 650 |
_aবাংলা কবিতা _9162985 |
||
| 650 |
_aBengali Poetry _9162986 |
||
| 942 |
_2ddc _cBK |
||
| 999 |
_c54647 _d54647 |
||